| 000 | 00000nam##2200000za#4500 |
| 001 | 9.648096 |
| 003 | CaOODSP |
| 005 | 20210927150316 |
| 007 | ta |
| 008 | 150407|2001||||xxc||||| f|0| 0 eng|d |
| 020 | |a0-662-30121-8 |
| 040 | |aCaOODSP|beng |
| 043 | |an-cn--- |
| 086 | 1 |aR2-145/2001E |
| 110 | 1 |aCanada. |bIndian and Northern Affairs Canada. |
| 245 | 10|aAboriginal veterans : |bstories of honour and heroism |
| 260 | |aOttawa - Ontario : |bIndian and Northern Affairs |c2000. |
| 300 | |a4p. : |bfigs. ; |c28 cm. |
| 563 | |aPamphlet |
| 590 | |a03-10|b2003-03-07 |
| 775 | 08|tLes anciens combattants autochtones : |w(CaOODSP)9.681458 |
| 776 | 0#|tAboriginal veterans : |w(CaOODSP)9.697900 |